Practical guide to payment of gratuity : (Record no. 82727)

MARC details
000 -LEADER
fixed length control field 00707nam a22002177a 4500
005 - DATE AND TIME OF LATEST TRANSACTION
control field 20140314122645.0
010 ## - LCCN (DPL NO)
LC control number ENG-109454
020 ## - INTERNATIONAL STANDARD BOOK NUMBER
Terms of availability 295.00
International Standard Book Number 9789350352496
035 ## - SYSTEM CONTROL NUMBER
System control number EN-92987
037 ## - SOURCE OF ACQUISITION
Source of stock number/acquisition DBAD/PUB
082 ## - DEWEY DECIMAL CLASSIFICATION NUMBER
Classification number 344.01
100 ## - MAIN ENTRY--PERSONAL NAME
Personal name Kumar,H.L.
245 00 - TITLE STATEMENT
Title Practical guide to payment of gratuity :
Statement of responsibility, etc by H.L. Kumar [and] Gaurav Kumar
Remainder of title act and rules /
250 ## - EDITION STATEMENT
Edition statement 9th ed
260 ## - PUBLICATION, DISTRIBUTION, ETC. (IMPRINT)
Place of publication, distribution, etc Delhi
Name of publisher, distributor, etc Universal Law Publishing
Date of publication, distribution, etc 2013
270 ## - ADDRESS
Address C-FF-1A, Dilkhus Industrial Estate, (Near Azadpur Metro Station) G.T. Karnal Road,
City Delhi
Postal code 110033
300 ## - PHYSICAL DESCRIPTION
Extent xxvii,234p.
Dimensions 24cm(pbk)
500 ## - GENERAL NOTE
General note Includes index
700 ## - ADDED ENTRY--PERSONAL NAME
Personal name Gaurav Kumar
942 ## - ADDED ENTRY ELEMENTS (KOHA)
Source of classification or shelving scheme Dewey Decimal Classification
Item type English Books
Call number suffix KUM
Classification part 344.01
Holdings
Withdrawn status Lost status Not for loan Collection code Home library Current library Date acquired Source of acquisition Cost, normal purchase price Full call number Barcode Copy number Cost, replacement price Koha item type
    Not For Loan Non-fiction D.B.Act.Division D.B.Act.Division 25/02/2014 DBAD/PUB 295.00 344.01 KUM EN-92987 1 295.00 English Books

© Delhi Public Library
Hit Counter
free hit counter